Sana Scramble - Valtiot #2 - Statistics

Yleistilastot
  • Tätä visaa on pelattu 104 kertaa
  • Keskiarvotulos 14 / 20
Vastaustilastot
Scramble Valtio % Oikein
orjan Norja
98%
irvo Viro
94%
nhaag Ghana
93%
iavalt Latvia
83%
aliita Italia
78%
nebni Benin
77%
aisrilba Brasilia
74%
atiin Intia
73%
ealnp Nepal
72%
lvtaiatä Itävalta
70%
iolamngo Mongolia
69%
eikan Kenia
68%
aaampn Panama
68%
ahaimta Thaimaa
68%
iebsra Serbia
67%
geiabl Belgia
64%
asenoidni Indonesia
56%
imerana Armenia
53%
anomira Romania
44%
treiagnani Argentiina
37%
Ehtoja vastaavia visoja ei löytynyt
Tulosjakauma
Jokaisen tuloksen saaneiden osuus
Persentiili vastausten määrän mukaan
Tuloshistoriasi
Et ole pelannut tätä visaa